Manipuladoras: conflicto y acción sindical efectiva en trabajadores del servicio de alimentación escolar

Gespeichert in:
Bibliographische Detailangaben
1. Verfasser: Henríquez M., Rodrigo A (VerfasserIn)
Format: Buch
Sprache:Spanisch
Veröffentlicht: Santiago Dirección del Trabajo 2017
Ausgabe:1a. ed
Schriftenreihe:Aporte al Debate Laboral, 37
Schlagworte:
Tags: Tag hinzufügen
Keine Tags, Fügen Sie den ersten Tag hinzu!

MARC

LEADER 00000cam a2200000 a 4500
001 UCC2502
003 CL-VaPUC
008 180302e20171100cl |||||||||||||||||spa|d
020 |a 9789569661617 
082 0 4 |a 344.8301  |b HEN  |2 21 
100 |a Henríquez M., Rodrigo A  |e author  |9 596564 
245 1 0 |a Manipuladoras: conflicto y acción sindical efectiva en trabajadores del servicio de alimentación escolar 
250 |a 1a. ed 
300 |a 102 p 
942 |c BK 
945 |d 20180302 15:02:00  |a arojas 
260 |a Santiago  |b Dirección del Trabajo  |c 2017 
650 7 |a SINDICALISMO  |2 CL-VaPUC  |9 596565 
650 7 |a DERECHO LABORAL  |2 CL-VaPUC  |9 15 
650 0 |a Negociación colectiva  |9 312433 
650 0 |a Código del trabajo  |9 255479 
650 0 |a Alimentación escolar   |9 596566 
583 |a last modification  |c 20180302 15:02:00  |k Rodrigo Vera 
490 0 |a Aporte al Debate Laboral, 37 
999 |c 370589  |d 370587 
952 |0 0  |1 0  |3 erb  |4 0  |6 344_830100000000000_HEN_2017  |7 0  |8 A  |9 487128  |a BIBDER  |b BIBDER  |i 545218K  |o 344.8301 HEN 2017  |p 545218K  |r 2023-01-25  |w 2019-11-24  |y BK  |z Catalogado en:20180302  |k DER